<?xml version="1.0" encoding="UTF-8"?>
<record
    xmlns:xsi="http://www.w3.org/2001/XMLSchema-instance"
    xsi:schemaLocation="http://www.loc.gov/MARC21/slim http://www.loc.gov/standards/marcxml/schema/MARC21slim.xsd"
    xmlns="http://www.loc.gov/MARC21/slim">

  <leader>01285nam a2200241 a 4500</leader>
  <controlfield tag="001">BRCA_8992</controlfield>
  <controlfield tag="005">20190320210502.0</controlfield>
  <controlfield tag="008">130717s1781----sp-#######---#000-0#spa-#</controlfield>
  <datafield tag="041" ind1=" " ind2=" ">
    <subfield code="a">spa</subfield>
  </datafield>
  <datafield tag="044" ind1=" " ind2=" ">
    <subfield code="a">sp</subfield>
  </datafield>
  <datafield tag="084" ind1=" " ind2=" ">
    <subfield code="a">LM10(19-43)</subfield>
    <subfield code="b">.M66 1781</subfield>
  </datafield>
  <datafield tag="100" ind1="1" ind2=" ">
    <subfield code="a">Montreuil, Bernardino de</subfield>
    <subfield code="9">22314</subfield>
  </datafield>
  <datafield tag="245" ind1="1" ind2="0">
    <subfield code="a">Historia de los principios, y establecimientos de la iglesia desde el nacimiento del Mes&#xED;as, hasta la muerte de todos los ap&#xF3;stoles</subfield>
    <subfield code="b">obra sacada de los quatro Evangelios, y Hechos Apostolicos: reducida a un cuerpo de historia</subfield>
    <subfield code="c">por el P. Bernardino de Montreuil, de la Compa&#xF1;&#xED;a de Jes&#xFA;s; y su continuaci&#xF3;n hasta el fin de las vidas de los Ap&#xF3;stoles, tomada de las memorias eclesi&#xE1;sticas de Mr. Luis Sebastian Lenain de Tillemont; traducida del franc&#xE9;s por otro padre de la misma compa&#xF1;&#xED;a.</subfield>
  </datafield>
  <datafield tag="260" ind1=" " ind2=" ">
    <subfield code="a">Madrid</subfield>
    <subfield code="b">En la oficina de D. Manuel Martin, don de hallar&#xE1;</subfield>
    <subfield code="c">1781</subfield>
  </datafield>
  <datafield tag="300" ind1=" " ind2=" ">
    <subfield code="a">432 p. (t.3 III. pte. IV y V)</subfield>
    <subfield code="c">21.5 x  16 cm</subfield>
  </datafield>
  <datafield tag="500" ind1=" " ind2=" ">
    <subfield code="a">Con las licencias necesarias</subfield>
  </datafield>
  <datafield tag="500" ind1=" " ind2=" ">
    <subfield code="a">Estado f&#xED;sico: presenta encuadernaci&#xF3;n en pergamino y con cintas rotas</subfield>
  </datafield>
  <datafield tag="600" ind1="1" ind2="4">
    <subfield code="a">Jesucristo</subfield>
    <subfield code="x">Historia</subfield>
    <subfield code="9">22315</subfield>
  </datafield>
  <datafield tag="650" ind1="1" ind2="4">
    <subfield code="a">Iglesia cat&#xF3;lica</subfield>
    <subfield code="y">Obras anteriores a 1800</subfield>
    <subfield code="9">22316</subfield>
  </datafield>
  <datafield tag="700" ind1="1" ind2=" ">
    <subfield code="a">Lenain de Tillemont,Luis Sebastian</subfield>
    <subfield code="9">22317</subfield>
  </datafield>
  <datafield tag="902" ind1=" " ind2=" ">
    <subfield code="a">CFM</subfield>
  </datafield>
  <datafield tag="942" ind1=" " ind2=" ">
    <subfield code="2">lcc</subfield>
    <subfield code="c">B</subfield>
  </datafield>
  <datafield tag="999" ind1=" " ind2=" ">
    <subfield code="c">8643</subfield>
    <subfield code="d">8643</subfield>
  </datafield>
  <datafield tag="952" ind1=" " ind2=" ">
    <subfield code="0">0</subfield>
    <subfield code="1">0</subfield>
    <subfield code="4">0</subfield>
    <subfield code="7">0</subfield>
    <subfield code="a">BRCA</subfield>
    <subfield code="b">BRCA</subfield>
    <subfield code="d">2017-07-13</subfield>
    <subfield code="l">0</subfield>
    <subfield code="o">LM10(19-43) .M66 1781</subfield>
    <subfield code="p">CFM00275</subfield>
    <subfield code="r">2019-03-22 00:00:00</subfield>
    <subfield code="w">2019-03-22</subfield>
    <subfield code="y">B</subfield>
  </datafield>
</record>
